| 000 | 01012nam a2200277 a 4500 | ||
|---|---|---|---|
| 001 | 23347 | ||
| 003 | BD-RJUL | ||
| 005 | 20211209000923.0 | ||
| 008 | 140310t1966 enk 001 0 eng u | ||
| 035 | _a(BD-RjUL)23412 | ||
| 040 |
_aWSU _dm.c _dBD-RjUL _beng _cBD-RjUL |
||
| 041 | 1 |
_aeng _hlat |
|
| 082 | 0 | 4 |
_a876 _bCIL 1966 |
| 100 | 1 |
_aCicero, Marcus Tullius. _971917 |
|
| 245 | 1 | 0 |
_aLetters of Cicero : _ba selection in translation / _cL.P. Wilkinson |
| 260 |
_aLondon : _bHutchinson University Library, _cc1966 |
||
| 300 |
_a207 p. ; _c22 cm. |
||
| 490 | 1 | _aHutchinson university library. Classical history and literature | |
| 500 | _a"First published by Geoffrey Bles Ltd 1949; Arrow edition 1959; this edition 1966". (verso of t.-p.) | ||
| 504 | _aincludes index. | ||
| 650 | 1 |
_a Cicero, Marcus Tullius -- Correspondence, reminiscences, etc. -- English. _971918 |
|
| 700 | 1 |
_aWilkinson, L. P. _971919 |
|
| 830 | 0 |
_aHutchinson university library. _971930 |
|
| 942 |
_2ddc _cBK |
||
| 999 |
_c23347 _d23347 |
||